Statistics for Every Green Day Song

Click here to take the quiz!

General Stats

  • This quiz has been taken 27 times
    (9 since last reset)
  • The average score is 118 of 267

Answer Stats

YearAlbumAnswer% Correct
1994DookieBasket Case
88%
1994DookieBurnout
88%
1991Kerplunk2000 Light Years Away
75%
1994DookieAll By Myself
75%
2004American IdiotAmerican Idiot
75%
199039/SmoothAt The Library
75%
1995InsomniacBrain Stew
75%
1991KerplunkChristie Road
75%
1994DookieChump
75%
1994DookieComing Clean
75%
1994DookieEmenius Sleepus
75%
1994DookieF.O.D.
75%
1995InsomniacGeek Stink Breath
75%
1997NimrodGood Riddance (Time Of Your Life)
75%
199039/SmoothGreen Day
75%
1994DookieHaving A Blast
75%
2004American IdiotHoliday
75%
1994DookieIn The End
75%
199039/SmoothI Was There
75%
1995InsomniacJaded
75%
1994DookieLongview
75%
1990SlappyPaper Lanterns
75%
1994DookiePulling Teeth
75%
1994DookieSassafras Roots
75%
1994DookieShe
75%
2004American IdiotSt. Jimmy
75%
2000Warning:Warning
75%
1994DookieWelcome To Paradise
75%
1991KerplunkWelcome To Paradise
75%
1994DookieWhen I Come Around
75%
19891000 Hours1000 Hours
63%
199039/Smooth16
63%
2024Saviors1981
63%
200921st Century Breakdown21 Guns
63%
200921st Century Breakdown21st Century Breakdown
63%
1991Kerplunk80
63%
1995Insomniac86
63%
1991KerplunkAndroid
63%
2004American IdiotAre We The Waiting
63%
1995InsomniacArmatage Shanks
63%
1995InsomniacBab's Uvula Who
63%
2004American IdiotBoulevard Of Broken Dreams
63%
1995InsomniacBrat
63%
199039/SmoothDisappearing Boy
63%
199039/SmoothDon't Leave Me
63%
19891000 HoursDry Ice
63%
2004American IdiotExtraordinary Girl
63%
2004American IdiotGive Me Novacaine
63%
199039/SmoothGoing To Pasalacqua
63%
1997NimrodHitchin' A Ride
63%
2004American IdiotHomecoming
63%
2004American IdiotJesus Of Suburbia
63%
1990SlappyKnowledge
63%
200921st Century BreakdownKnow Your Enemy
63%
2004American IdiotLetterbomb
63%
2024SaviorsLook Ma, No Brains
63%
2000Warning:Minority
63%
1990Sweet ChildrenMy Generation
63%
1997NimrodNice Guys Finish Last
63%
1995InsomniacNo Pride
63%
1991KerplunkOne For The Razorbacks
63%
1991KerplunkOne Of My Lies
63%
1995InsomniacPanic Song
63%
1997NimrodRedundant
63%
199039/SmoothRest
63%
199039/SmoothRoad To Acceptance
63%
1997NimrodScattered
63%
2004American IdiotShe's A Rebel
63%
1995InsomniacStuart And The Avenue
63%
1995InsomniacStuck With Me
63%
1990Sweet ChildrenSweet Children
63%
1997NimrodThe Grouch
63%
199039/SmoothThe Judge's Daughter
63%
1995InsomniacTight Wad Hill
63%
2004American IdiotWake Me Up When September Ends
63%
1995InsomniacWalking Contradiction
63%
1995InsomniacWestbound Sign
63%
2004American IdiotWhatsername
63%
1991KerplunkWho Wrote Holden Caulfield?
63%
1990Slappy409 In Your Coffeemaker
50%
1997NimrodAll The Time
50%
2016Revolution RadioBang Bang
50%
2000Warning:Blood, Sex And Booze
50%
2024SaviorsBobby Sox
50%
2000Warning:Castaway
50%
2000Warning:Church On Sunday
50%
2024SaviorsComa City
50%
2024SaviorsCorvette Summer
50%
2000Warning:Deadbeat Holiday
50%
2002ShenanigansDesensitized
50%
2024SaviorsDilemma
50%
2002ShenanigansDo Da Da
50%
1991KerplunkDominated Love Slave
50%
2002ShenanigansDon't Wanna Fall In Love
50%
2002Shenanigans (Never Released)D.U.I.
50%
2002ShenanigansEspionage
50%
2000Warning:Fashion Victim
50%
2024SaviorsGoodnight Adeline
50%
2004American IdiotGovernator
50%
2002ShenanigansHa Ha You're Dead
50%
1997NimrodHaushinka
50%
2000Warning:Hold On
50%
1991The Big OneI Want To Be Alone
50%
2002ShenanigansI Want To Be On T.V.
50%
2000Warning:Jackass
50%
2001International SuperhitsJ.A.R. (Jason Andrew Relva)
50%
1997NimrodJinx
50%
1997NimrodKing For A Day
50%
200921st Century BreakdownLast Of The American Girls
50%
1997NimrodLast Ride In
50%
2024SaviorsLiving In The '20s
50%
2000Warning:Macy's Day Parade
50%
2001International SuperhitsMaria
50%
2000Warning:Misery
50%
200921st Century BreakdownMurder City
50%
1991KerplunkNo One Knows
50%
2012¡UNO!Nuclear Family
50%
2024SaviorsOne Eyed Bastard
50%
19891000 HoursOnly Of You
50%
2002ShenanigansOn The Wagon
50%
2016Revolution RadioOrdinary World
50%
2002ShenanigansOutsider
50%
1997NimrodPlatypus (I Hate You)
50%
2001International SuperhitsPoprocks And Coke
50%
1991KerplunkPrivate Ale
50%
1997NimrodProsthetic Head
50%
1997NimrodReject
50%
2002ShenanigansRotting
50%
2024SaviorsSaviors
50%
2002ShenanigansScumbag
50%
2004American IdiotShoplifter
50%
2002ShenanigansSick Of Me
50%
200921st Century BreakdownSong Of The Century
50%
2024SaviorsStrange Days Are Here To Stay
50%
2002ShenanigansSuffocate
50%
2024SaviorsSuzie Chapstick
50%
1997NimrodTake Back
50%
2024SaviorsThe American Dream Is Killing Me
50%
19891000 HoursThe One I Want
50%
2006U218 SinglesThe Saints Are Coming
50%
2002ShenanigansTired Of Waiting For You
50%
2004American IdiotToo Much Too Soon
50%
1997NimrodUptight
50%
200921st Century BreakdownViva La Gloria!
50%
2000Warning:Waiting
50%
1997NimrodWalking Alone
50%
1990SlappyWhy Do You Want Him?
50%
1991KerplunkWords I Might Have Ate
50%
1997NimrodWorry Rock
50%
2002ShenanigansYou Lied
50%
2012¡TRÉ!A Little Boy Named Train
38%
200921st Century BreakdownAmerican Eulogy (Mass Hysteria/Modern World)
38%
200921st Century BreakdownBefore The Lobotomy
38%
1990Sweet ChildrenBest Thing In Town
38%
200921st Century BreakdownChristian's Inferno
38%
200921st Century BreakdownEast Jesus Nowhere
38%
2024SaviorsFancy Sauce
38%
2020Father Of All MotherfuckersFather Of All...
38%
2024SaviorsFather To A Son
38%
2024Saviors (Japanese Bonus)Fever
38%
2020Father Of All MotherfuckersFire, Ready, Aim
38%
2020Father Of All MotherfuckersGraffitia
38%
200921st Century BreakdownHorseshoes And Handgrenades
38%
2020Father Of All MotherfuckersI Was A Teenage Teenager
38%
2020Father Of All MotherfuckersJunkies On A High
38%
2012¡UNO!Kill The DJ
38%
200921st Century BreakdownLast Night On Earth
38%
2020Father Of All MotherfuckersMeet Me On The Roof
38%
2020Father Of All MotherfuckersOh Yeah!
38%
200921st Century BreakdownPeacemaker
38%
2003Skull RingPrivate Hell
38%
200921st Century BreakdownRestless Heart Syndrome
38%
2016Revolution RadioRevolution Radio
38%
200921st Century BreakdownSee The Light
38%
2020Father Of All MotherfuckersStab You In The Heart
38%
2016Revolution RadioStill Breathing
38%
1990Sweet ChildrenStrangeland
38%
2012¡DOS!Stray Heart
38%
2020Father Of All MotherfuckersSugar Youth
38%
2020Father Of All MotherfuckersTake The Money And Crawl
38%
200921st Century BreakdownThe Static Age
38%
200921st Century BreakdownViva La Gloria? (Little Girl)
38%
2007Instant Karma: The Amnesty International Campaign To Save DarfurWorking Class Hero
38%
2012¡TRÉ!8th Avenue Serenade
25%
2012¡TRÉ!99 Revolutions
25%
2012¡TRÉ!Amanda
25%
2012¡DOS!Amy
25%
2012¡UNO!Angel Blue
25%
2012¡DOS!Ashley
25%
2012¡DOS!Baby Eyes
25%
2017Greatest Hits: God's Favorite BandBack In The USA
25%
2022Nimrod 25th AnniversairyBlack Eyeliner
25%
2016Revolution RadioBouncing Off The Wall
25%
2012¡TRÉ!Brutal Love
25%
2012¡UNO!Carpe Diem
25%
1992On The RadioC Yo Yus
25%
2012¡TRÉ!Dirty Rotten Bastards
25%
2012¡TRÉ!Drama Queen
25%
200921 GunsFavorite Son
25%
2012¡UNO!Fell For You
25%
2016Revolution RadioForever Now
25%
2012¡DOS!Fuck Time
25%
2012¡DOS!Lady Cobra
25%
2012¡DOS!Lazy Bones
25%
2012¡UNO!Let Yourself Go
25%
2012¡UNO!Loss Of Control
25%
2012¡DOS!Makeout Party
25%
2020No Fun MondaysManic Monday
25%
2012¡TRÉ!Missing You
25%
2012¡DOS!Nightlife
25%
2012¡UNO!Oh Love
25%
2016Revolution RadioOutlaws
25%
2021Same Name, Not Telling You, Sorry.Pollyanna
25%
2012¡UNO!Rusty James
25%
2016Revolution RadioSay Goodbye
25%
2012¡DOS!See You Tonight
25%
2012¡TRÉ!Sex, Drugs And Violence
25%
2016Revolution RadioSomewhere Now
25%
2012¡UNO!Stay The Night
25%
2012¡DOS!Stop When The Red Lights Flash
25%
2003Skull RingSupermarket
25%
2012¡UNO!Sweet 16
25%
1999Short Songs For Short PeopleThe Ballad Of Wilhelm Fink
25%
2012¡TRÉ!The Forgotten
25%
2016Revolution RadioToo Dumb To Die
25%
2016Revolution RadioTroubled Times
25%
2012¡UNO!Troublemaker
25%
2012¡TRÉ!Walk Away
25%
2010American Idiot - The Original Broadway Cast RecordingWhen It's Time
25%
2012¡DOS!Wild One
25%
2012¡DOS!Wow! That's Loud
25%
2012¡TRÉ!X-Kid
25%
2019Same Name, Not Telling You, Sorry.Xmas Time Of The Year
25%
2016Revolution RadioYoungblood
25%
2022Nimrod 25th AnniversairyAlison
13%
2020No Fun MondaysAmico
13%
2020No Fun MondaysA New England
13%
200921st Century BreakdownAnother State Of Mind
13%
200921st Century BreakdownA Quick One While He's Away
13%
2022Nimrod 25th AnniversairyChain Saw
13%
2011Awesome As FuckCigarettes And Valentines
13%
2020No Fun MondaysCorpus Christi
13%
2020Same Name, Not Telling You, Sorry.Dreaming
13%
2017Same Name, Not Telling You, Sorry.Fell For You (Otis Mix)
13%
2020No Fun MondaysGimme Some Truth
13%
2009Know Your EnemyHearts Collide
13%
2021Same Name, Not Telling You, Sorry.Here Comes The Shock
13%
2021Same Name, Not Telling You, Sorry.Holy Toledo!
13%
2020No Fun MondaysI Think We're Alone Now
13%
2020No Fun MondaysKids In America
13%
2009Know Your EnemyLights Out
13%
200921st Century BreakdownLike A Rolling Stone
13%
1998The House Of BluesMetal Jam
13%
2020No Fun MondaysNot That Way Anymore
13%
2017Greatest Hits: God's Favorite BandOrdinary World (ft. Miranda Lambert)
13%
2022Nimrod 25th AnniversairyPlace Inside My Head
13%
2020No Fun MondaysPolice On My Back
13%
2021Same Name, Not Telling You, Sorry.Rock And Roll All Nite
13%
2014DemoliciousState Of Shock
13%
200921st Century BreakdownThat's All Right
13%
2020No Fun MondaysThat's Rock 'n' Roll
13%
2020No Fun MondaysThat Thing You Do!
13%
2022Nimrod 25th AnniversairyTre Polka
13%
2020No Fun MondaysWar Stories
13%
2020No Fun MondaysWhole Wide World
13%
2020No Fun MondaysYou Can't Put Your Arms Round A Memory
13%
2022Nimrod 25th AnniversairyYou Irritate Me
13%

Score Distribution

Percentile by Number Answered

Percent of People with Each Score

Your Score History

You have not taken this quiz since the last reset